Practical Physics (Record no. 3674)

MARC details
000 -LEADER
fixed length control field 00970cam a2200313 a 4500
001 - CONTROL NUMBER
control field 3315622
003 - CONTROL NUMBER IDENTIFIER
control field OSt
005 - DATE AND TIME OF LATEST TRANSACTION
control field 20191207131003.0
008 - FIXED-LENGTH DATA ELEMENTS--GENERAL INFORMATION
fixed length control field 841211s1985 enka b 001 0 eng
010 ## - LIBRARY OF CONGRESS CONTROL NUMBER
LC control number 84029196
020 ## - INTERNATIONAL STANDARD BOOK NUMBER
International Standard Book Number 052124952X
020 ## - INTERNATIONAL STANDARD BOOK NUMBER
International Standard Book Number 0521270952 (pbk.)
040 ## - CATALOGING SOURCE
Original cataloging agency DLC
Transcribing agency DLC
Modifying agency DLC
050 00 - LIBRARY OF CONGRESS CALL NUMBER
Classification number QC33
Item number .S68 1985
082 00 - DEWEY DECIMAL CLASSIFICATION NUMBER
Classification number 530. SQU 1994
Edition number 19
100 1# - MAIN ENTRY--PERSONAL NAME
Personal name Squires, G. L.;
9 (RLIN) 8162
245 10 - TITLE STATEMENT
Title Practical Physics
250 ## - EDITION STATEMENT
Edition statement 3rd ed.
260 ## - PUBLICATION, DISTRIBUTION, ETC. (IMPRINT)
Name of publisher, distributor, etc. Cambridge University Press,
Date of publication, distribution, etc. 1985.
300 ## - PHYSICAL DESCRIPTION
Extent xii, 215 p. :
Other physical details ill. ;
Dimensions 24 cm.
500 ## - GENERAL NOTE
General note Includes index.
504 ## - BIBLIOGRAPHY, ETC. NOTE
Bibliography, etc Bibliography: p. [207]-209.
650 #0 - SUBJECT ADDED ENTRY--TOPICAL TERM
Topical term or geographic name as entry element Physics
General subdivision Experiments.
9 (RLIN) 8163
650 #0 - SUBJECT ADDED ENTRY--TOPICAL TERM
Topical term or geographic name as entry element Physics
9 (RLIN) 8164
856 42 - ELECTRONIC LOCATION AND ACCESS
Materials specified Publisher description
Uniform Resource Identifier http://www.loc.gov/catdir/description/cam022/84029196.html
856 41 - ELECTRONIC LOCATION AND ACCESS
Materials specified Table of contents
Uniform Resource Identifier http://www.loc.gov/catdir/toc/cam028/84029196.html
906 ## - LOCAL DATA ELEMENT F, LDF (RLIN)
a 7
b cbc
c orignew
d 1
e ocip
f 19
g y-gencatlg
942 ## - ADDED ENTRY ELEMENTS (KOHA)
Source of classification or shelving scheme Dewey Decimal Classification
Koha item type Short Loan
Holdings
Withdrawn status Lost status Source of classification or shelving scheme Damaged status Not for loan Home library Current library Date acquired Source of acquisition Inventory number Total Checkouts Full call number Barcode Date last seen Koha item type
    Dewey Decimal Classification     MUST Main Library MUST Main Library 20/04/2016 Purchase 97/10851   530. SQU 1994 2016-1119 20/04/2016 Short Loan
    Dewey Decimal Classification     MUST Main Library MUST Main Library 20/04/2016 Purchase 02/17819   530 SQU 1994 2016-1120 20/04/2016 Short Loan
    Dewey Decimal Classification     MUST Main Library MUST Main Library 26/04/2016 Purchase 97/10631   530. SQU 1994 2016-1415 26/04/2016 Short Loan